| 000 | 00786nas a2200265 4500 | ||
|---|---|---|---|
| 001 | BR2016001094 | ||
| 003 | BR-BrBNA | ||
| 005 | 20231205130214.0 | ||
| 007 | ta | ||
| 008 | 230509b bl.|||p| |||| 00| 00por d | ||
| 040 |
_aBR-BrBNA _bpor _cBiblioteca Nacional de Agricultura |
||
| 041 | _a(Pt) | ||
| 072 | _aE73 | ||
| 100 | 1 | _aFuke, G. | |
| 100 | 1 | _aNörnberg, J.L. | |
| 100 | 1 | _aNovack, M.E. | |
| 245 | 1 | _aAtitude do consumidor idoso frente à compra de leite na região sul | |
| 650 | _aCOMERCIALIZACAO | ||
| 650 | _aLEITE | ||
| 650 | _aACIDO LINOLEICO | ||
| 650 | _aCONSUMIDOR | ||
| 773 | 0 |
_tRevista Higiene Alimentar (Brazil) _xISSN 0101-9171 _g(Nov-Dec 2015), v. 29(250-251) p. 29-35 _wBR2016001094 |
|
| 909 |
_a202311 _bLúcia _c55 _dLúcia Elande |
||
| 942 |
_2AGRIS _n0 _cANA |
||
| 999 |
_c248251 _d248251 |
||